| 000 | 00332nam a22001337a 4500 | ||
|---|---|---|---|
| 020 | _a0043510264 | ||
| 082 | _a350.6096ADU. | ||
| 100 | _aAdu A.L | ||
| 245 | _aThe civil service in commonwealth Africa. | ||
| 260 |
_aLondon. _bGeorge Allenand Unwin Ltd. _c1970. |
||
| 300 |
_a253p. _b21cm. |
||
| 500 | _aIncludes index. | ||
| 942 | _cBK | ||
| 999 |
_c15588 _d15588 |
||